000 01653nam a2200217Ia 4500
999 _c41531
_d41531
003 OSt
005 20201010124315.0
008 160316s2015 xxu||||| |||| 00| 0 eng d
020 _a9783452272133
040 _cNLS
082 _a341.470000
_bHOB
100 _aHobe Stephan
245 _aCologne commentary on space law Vol. III : DBS principles, RS principles, NPS principles, SB declaration, LS resolution,
260 _aDeutsche
_bCarl Heymanns Berlag
_c2015
300 _a698
_cxxxix
365 _b $ 82.00
505 _aSummary: Présentation de l'éditeur : " The Cologne Commentary on Space Law (CoCoSL) is a three-volume annotation on the norms of space law as contained in the Treaties of the United Nations and its General Assembly Resolutions. As a joint publication of the Institute of Air and Space Law of the University of Cologne and the German Aerospace Center (DLR), the commentary brings together the scientific and academic proficiency of the Institute and the practical and technical capacity of DLR. It constitutes essential reading for all academics, practitioners and technicians working in the field of space law and beyond. Volume III will discuss the six most relevant United Nations General Assembly Resolutions on space law, namely: · the 1982 Direct Broadcasting Principles, · the 1986 Remote Sensing Principles, · the 1992 Nuclear Power Sources Principles, · the 1996 Space Benefits Declaration, · the 2004 Launching State Resolution and · the 2007 Registration Practice Resolution
650 _a1. International Space Law - Commentary
700 _aSchmidt-Tedd Bernhard
_aSchrogl Kai-Uwe
942 _2ddc
_cBK